Horror movie villains - Statistics

General Stats
  • This quiz has been taken 64 times
  • The average score is 18 of 30
Answer Stats
Villain Movie/Series % Correct
1) Michael Myers Halloween
98%
10) Pennywise It
96%
9) Chucky Childs Play
95%
5) Jason Vorhees Friday the 13th
95%
2) Freddy Krueger Nightmare on Elm Street
95%
4) Jigsaw Saw
91%
8) Ghostface Scream
91%
6) Xenomorphs Alien
84%
7) Dr Hannibal Lecter Silence of the Lambs
82%
3) Norman Bates Psycho
80%
22) Carrie White Carrie
79%
12) Leatherface Texas Chainsaw Massacre
79%
11) Jack Torrance The Shining
77%
14) Pinhead Hellraiser
73%
19) The Creeper Jeepers Creepers
73%
18) Art the Clown Terrifier
73%
25) Annabelle The Conjuring
64%
15) Samara Morgan The Ring
64%
13) Annie Wilkes Misery
61%
16) Damien Thorn The Omen
50%
30) Pyramid Head Silent Hill
43%
21) Pazuzu The Exorcist
41%
28) Ben Willis/Fisherman I Know What You Did Last Summer
39%
26) The Miner My Bloody Valentine
32%
23) Bughuul Sinister
23%
17) Max Cady Cape Fear
18%
27) Vincent & Bo Sinclair House of Wax
11%
20) Mr Hyde Jekyll and Hyde
11%
24) Larry Talbot The Wolf Man
7%
29) Esther Coleman The Oprhan
4%
No matching quizzes found
Score Distribution
Percent of People with Each Score
Percentile by Number Answered
Your Score History
You have not taken this quiz